Les 10 villes de France les plus peuplées commençant par A - Statistiques

Statistiques générales
  • Ce quiz a été pris 164 fois
  • Le résultat moyen est 6 sur 10
Statistiques - réponses
# Ville Population % Correct
1 Angers 157.555
81%
3 Amiens 133.780
78%
4 Annecy 131.272
70%
2 Aix-en-Provence 147.933
62%
6 Avignon 91.760
60%
5 Argenteuil 107.135
48%
8 Aubervilliers 89.489
48%
10 Antibes 76.612
40%
7 Asnières-sur-Seine 91.457
39%
9 Aulnay-sous-Bois 86.360
27%
Aucun quiz correspondant
Distribution des résultats
% des personnes avec chaque résultat
Percentile par nombre de réponses
Votre historique - résultats
Vous n’avez pas pris ce quiz